| 000 | 003040000a22000970004500 | ||
|---|---|---|---|
| 100 | 1 | _aGravett, Sandie | |
| 245 | 1 | 0 | _aReading "rape" in the hebrew bible : A consideration of language |
| 300 | _aVol. 28, Núm 3 (2004), Páginas 279-299 | ||
| 773 | 0 | _tJournal for the Study of the Old Testament | |
| 942 | _cANA | ||
| 999 |
_c54919 _d54919 |
||